01313nam a2200289 u 45000010006000000050017000060080041000230200018000640350010000820350021000920400013001130410008001260820008001341000041001422450042001832600059002253000024002845050352003086500037006606500048006976500048007456500039007937000038008329420009008709990017008799520127008966443720260504072238.0960313s1990 eng  a9780201127799 a64437 a(OCoLC)778187184 ccomduadb aeng 4a53010aKooning, Steven E.4auteaut948218010aComputational physics fortran version aMassachusetts :bAddison Wesley Iberoamericana,c1990. axvi, 635 páginas. aCONTENIDO : Operaciones matemáticas básicas. -- Ecuaciones diferenciales ordinarias. -- Problemas de valor límite y valor propio. -- Funciones especiales y cuadratura gaussiana. -- Operaciones con matrices. -- Ecuaciones diferenciales parciales elípticas. -- Ecuaciones diferenciales parciales parabólicas. -- Métodos de Monte Carlo. . 7aFísica matemática2lemb9755 aFísica (Programas para computador)913040 aFortran (Lenguaje de programación)937456 7aAnálisis numérico2lemb93267910aMeredith, Dawnc4auteaut9260416 cBOOK c33919d33919 001040708GENaBCbBCd1997-11-25iC104902l0o530.150285 K82cp61000001197801r2023-04-20 00:00:00t1w2023-04-20yBOOK